000 00473nam a22001931a 4500
001 1538
003 OSt
005 20260204211738.0
008 040119s1972||||ag ||||||b||||||||||spa||
050 _a909 S23h
082 _a909 S23h
100 _aSecco Ellauri, Oscar
245 _aHistoria universal / Oscar Secco Ellauri
264 _aArgentina : Kapeluz
300 _a215 p.
650 _a1.Historia Universal
700 _aBaridon, Pedro DanielÌ
942 _2ddc
_cBK
999 _c1538
_d1538